00723nam a2200169 4500040000900000082001400009100002400023245007200047260002200119300001200141505021300153650002400366651002200390942002300412999001900435952009900454 cNUST a650.1,NEW aNewport, Cal989091 aDeep work:bRules for focused in a distracted world / cCal Newport aUSbPiarkusc2016 a296 p.; aDeep Work is Valuable (Page-21), Deep Work is Rare (Page-49), Deep Work is Meaningful (Page-72), Work Deeply (Page-95), Embrace Boredom (Page-155), Quir Social Media (Page-181), Drain the Shallows (Page-215). aWork Deeply9134407 2Quit Social Media 2ddccBKk650.1,NEW c617396d617396 00102ddc4070aMCSbMCScGENd2026-05-12l0o650.1,NEWpMCS39010r2026-05-12w2026-05-12yBK